00947cam a22002535a 45000010009000000050017000090080041000260200031000670200028000980400033001260820020001591000028001792450067002072500013002742600062002873000033003495000022003826500043004046500042004476530025004899420008005149990017005229520154005391498746920160228131950.0070830t2008 nyua fr 001 0 eng d a9780073511931 (alk. paper) a0073511935 (alk. paper) aDLCcDLCdDLCdEG-ScBUEbeng04a070.43222bMEN1 aMencher, Melvin.93945410aMelvin Mencher's news reporting and writing /cMelvin Mencher. a11th ed. aNew York :bMcGraw-Hill / McGraw-Hill Companies,cc.2008. axx, 620 p. :bill. ;c23 cm. aIncludes indexes. 7aReporters and reporting.2BUEsh937383 7aJournalismxAuthorship.2BUEsh937384 bCOMAMEcFebruary2016 2ddc c21268d21240 00102ddc40708IqraaaMAINbMAINcLOWd2016-02-28ePurchaseg750.00h3741l4m1o070.43 MENp000031746r2025-07-15 00:00:00s2021-09-19v937.50yBB